[Event "GFBI"]
[Site "SchemingMind.com"]
[Date "2022.06.03"]
[Round "-"]
[White "WarriorAngel"]
[Black "Arnold Jones"]
[Result "1-0"]
[WhiteCountry "SGP"]
[BlackCountry "ENG"]
[WhiteElo "1941"]
[WhiteRD "94"]
[BlackElo "1582"]
[BlackRD "59"]
[GameID "724071"]

1. e4 c5 2. Nf3 Nc6 3. d4 cxd4 4. Nxd4 Nf6 5. Nc3 Ne5 6. f4 Ng6 7. g3 e5 8. Nf5 Bb4 9. Nxg7+ Kf8 10. Nh5 Bxc3+
11. bxc3 Nxe4 12. Qd5 Nxc3 13. Qc5+ d6 14. Qxc3 Bg4 15. Be2 Rc8 16. Qd3 Qa5+ 17. Bd2 Bxe2 18. Qxd6+ Ne7 19. Bxa5 Bxh5 20. O-O e4
21. Bd8 Kg8 22. Bxe7 h6 23. Rac1 Rc6 24. Qd8+ Kh7 25. Qd7 Bf3 26. Qf5+ Kg8 27. Rxf3 exf3 28. Bf6 Rh7 29. Rd1 Rxf6 30. Qxf6 Rg7
31. Qxh6 f5 32. Rd8+
1-0